Marketigonvé nástroje na podpor absolventov universít na trhu práce bakalárska práca

Guardado en:
Detalles Bibliográficos
Autor principal: Gergely, Matúš
Autor Corporativo: Obchodná fakulta EU. Katedra marketingu
Otros Autores: Filo, Peter
Formato: Libro
Lenguaje:eslovaco
Publicado: Bratislava 2018
Etiquetas: Agregar Etiqueta
Sin Etiquetas, Sea el primero en etiquetar este registro!

MARC

LEADER 00000nbm a2200000 4500
001 0245075
005 20180815083511.6
041 0 |a slo 
044 |a SK 
245 1 0 |a Marketigonvé nástroje na podpor absolventov universít na trhu práce  |b bakalárska práca  |c Matúš Gergely ; školiteľ: Peter Filo 
264 1 |a Bratislava  |c 2018 
300 |a 46 s. 
100 1 |a Gergely, Matúš 
700 1 |a Filo, Peter 
710 2 |a Obchodná fakulta EU. Katedra marketingu